000
00257nam a2200109 a 4500
008
110503s1959|||| d
245
1
0
_a
Príručka pre cvičiteľa
260
_b
Šport
_a
Bratislava
_c
1959
020
_c
11,10
041
_a
slo
044
_a
xo
_c
SK
999
_c
19313
_d
19313